Top 10 States With The Most Major Sports Teams. - Statistics

General Stats
  • This quiz has been taken 45 times
  • The average score is 8 of 10
Answer Stats
Hint Answer % Correct
15 California
100%
9 New York
100%
9 Florida
93%
8 Texas
90%
7 Pennsylvania
80%
5 Illinois
78%
4 Massachusetts
76%
4 Michigan
68%
6 Ohio
68%
4 Colorado
59%
No matching quizzes found
Score Distribution
Percent of People with Each Score
Percentile by Number Answered
Your Score History
You have not taken this quiz